| 000 | 00427nam a2200181Ia 4500 | ||
|---|---|---|---|
| 008 | 210210b1949 xxu||||| |||| 00| 0 eng d | ||
| 041 | _aeng | ||
| 082 | _a515/124 | ||
| 100 | _aSHIVELY (L S) | ||
| 245 | _aIntroduction to modern geometry | ||
| 260 |
_aNew York _bJohn Wiley and Sons _c1949 |
||
| 650 | _ato | ||
| 650 | _amodern | ||
| 650 | _aIntroduction | ||
| 650 | _ageometry | ||
| 690 | _aGeometry | ||
| 906 | _a007688 | ||
| 999 |
_c140241 _d140241 |
||